Common Knowledge #25 - Statistics

General Stats
  • This quiz has been taken 840 times
  • The average score is 15 of 22
Answer Stats
Hint Answer % Correct
What's the biggest animal in the world? Blue Whale
97%
Which continent is the largest? Asia
96%
Which kind of alcohol is Russia notoriously known for? Vodka
93%
In what city is the Golden Gate Bridge located? San Francisco
89%
What retro game contains 4 ghosts chasing you? Pac-Man
87%
How many stripes are on the American flag? 13
86%
What are the 3 main Scandinavian countries? Sweden
84%
What are the 3 main Scandinavian countries? Norway
83%
What is the name of the redheaded mermaid in The Little Mermaid? Ariel
80%
What are the 3 main Scandinavian countries? Denmark
79%
Chartreuse is a colour between yellow and what? Green
78%
What boyband sings the song “I Want It That Way”? Backstreet Boys
77%
Michael Jordan won 6 NBA titles with this team. Chicago Bulls
70%
What animal holds hands with others so they don't float away while sleeping? Otters
69%
Who was the first woman to win a Nobel Prize (in 1903)? Marie Curie
68%
What is the name of the city that Spongebob Squarepants lives in? Bikini Bottom
66%
Which Avenger is the only one who could calm the Hulk down? Black Widow
63%
What city is known as "The Eternal City"? Rome
51%
In what country would you find Mount Kilimanjaro? Tanzania
45%
What ballet term means "bending at the knees"? Plié
35%
His wife was Roxana. His horse was Bucephalus. He was ________. Alexander the Great
16%
If you planted the seeds of Quercus robur, what would grow? Tree
13%
No matching quizzes found
Score Distribution
Percent of People with Each Score
Percentile by Number Answered
Your Score History
You have not taken this quiz